000 00390 a2200157 4500
001 74878
020 _a9788508097654
040 _cAnchieta - Colégio São Paulo
100 _aBrezina, Thomas
240 1 0 _aQuem vai decifrar o código leonardo?
_lpor
245 1 0 _aQuem vai decifrar o código leonardo?
300 _a112
362 0 _a2005
650 4 _aLiteratura juvenil
942 _cBK
999 _c74878
_d74878